000 00319nam a22001337a 4500
008 170711b xxu||||| |||| 00| 0 eng d
020 _a9780875961514
041 _aeng
080 _a030
100 _a23
101 _aENC
245 _aOMEN'S ENCYCLOPEDIA OF HEALTH & EMOTIONAL HEALING
_cSTEINEM, G
942 _2udc
_cBK
999 _c20209
_d20209